000 01323nam0a2200337 4500
001 RU\NLR\BIBL_A\022153545
005 20240320123143.0
010 _a978-5-6049644-8-4
_93000
021 _aRU
_bКН-П-24-003811
_9КН-П-24-0396
035 _a(NLR Aleph) 022153545
090 _a12899749
_c12899749
100 _a20240229d2024 u y0rusy50 ca
101 1 _arus
_cita
102 _aRU
105 _aa z 000gy
181 0 _ab3
_bxb2e
181 0 _ai1
_baxxe
182 0 _an
200 1 _aСоздаю из кусочков
_e[стихи
_eкнига для игры и вдохновения]
_fКьяра Армеллини
_gперевела с итальянского Екатерина Даровская
_gиллюстрации автора
203 _aИзображение
_aТекст
_bвизуальные
_cнепосредственные
210 _aСанкт-Петербург
_cПоляндрия [и др.]
_d2024 (печ. 2023)
215 _a[57] с.
_cцв. ил.
_d30
333 _a0+
686 0 _aШ9(4Ит)60-5
700 1 _7ca
_8rus
_aАрмеллини
_bК.
_f1985-
_gКьяра
_9265986
_3RU\NLR\AUTH\770266042
942 _cBOOK
980 _aNB